Normal view
MARC view
- ANTOGNETTI P,PEDERSON D O,MAN H DE
Entry Personal Name
001 - CONTROL NUMBER
- control field: 74392
003 - CONTROL NUMBER IDENTIFIER
- control field: NUST
005 - DATE AND TIME OF LATEST TRANSACTION
- control field: 20210628205210.0
008 - FIXED-LENGTH DATA ELEMENTS
- fixed length control field: 210628|| aca||aabn | a|a d
040 ## - CATALOGING SOURCE
- Original cataloging agency: NUST
- Transcribing agency: NUST
100 ## - HEADING--PERSONAL NAME
- Personal name: ANTOGNETTI P,PEDERSON D O,MAN H DE
670 ## - SOURCE DATA FOUND
- Source citation: Work cat.: (NUST): ANTOGNETTI P,PEDERSON D O,MAN H DE, COMPUTER DESIGN AIDS FOR VLSI CIRCUITS, 1981
